| 000 | 01319nam a2200349 i 4500 | ||
|---|---|---|---|
| 001 | 000010829 | ||
| 003 | DO-SdBNP | ||
| 005 | 20240409122243.0 | ||
| 007 | ta | ||
| 008 | 091012s1979 dr r 000 0 spa d | ||
| 020 | _a8484010252 (v. 1) | ||
| 020 | _a8484010260 (v. 2) | ||
| 040 |
_aDO-SdBNP _bspa _cBNPHU _erda |
||
| 082 | 4 |
_a972.93 _bG216c, 1979 _222 |
|
| 100 | 1 |
_aGarcía, José Gabriel, _d1834-1910 _926153 _eautor |
|
| 245 | 1 | 0 |
_aCompendio de la historia de Santo Domingo / _cJosé Gabriel García. |
| 250 | _aEd. facsím. | ||
| 264 | 1 |
_aSanto Domingo : _bEditora de Santo Domingo, _c1979. |
|
| 300 |
_a2 volúmenes _c25 cm. |
||
| 336 |
_2rdacontent _atexto _btxt |
||
| 337 |
_2rdamedia _asin mediación _bn |
||
| 338 |
_2rdacarrier _avolumen _bnc |
||
| 490 | 0 | _aSociedad Dominicana de Bibliófilos. Colección de cultura dominicana | |
| 533 |
_aFacsímil de: _bImprenta de Garcia Hermanos, _c1893 |
||
| 590 | _aInventariado, 2023 / YL | ||
| 651 | 4 |
_aRepública Dominicana _xHistoria _9170 |
|
| 651 | 0 |
_aRepública Dominicana -- _xHistoria -- _yColonia, 1503-1844 _911397 |
|
| 651 | 4 |
_aLa Española (Haití Y República Dominicana) _xHistoria _926154 |
|
| 651 | 4 |
_aRepública Dominicana _xOcupación Haitiana _y1822-1844 _926155 |
|
| 910 | _aYLockward/ Validado. Control de calidad. MFF | ||
| 942 |
_2ddc _cLBS1 |
||
| 999 |
_c10578 _d10578 |
||